LEADER 01501nam a2200349 a 4500 001 000000131505 003 CaOOAMICUS 005 20150921154812.0 008 121121s1998 it 000 u ita r 020 $a88-211-6377-6 040 $aPUL$bita 041 1 $aita$hfre 082 04$a226 100 1 $aLustiger, Jean-Marie,$ccard.,$d1926-$0(OLS)http://pul/name/42619 240 10$aSoyez heureux.$lItaliano.$0(OLS)http://pul/title/166122 245 10$aSiate felici :$bcolloqui sulla felicitą e le beatitudini /$cJean-Marie Lustiger. 260 $aGenova :$bMarietti 1820,$c©1998. 300 $a117 p.$c21 cm 490 1 $aL'eco ;$v06 630 04$aBiblia.$pN.T.$pMatthaeus$xCommenti.$0(OLS)http://pul/subject/37786 650 4$aBeatitudini evangeliche.$0(OLS)http://pul/subject/12902 830 2$aL'eco ;$v06.$0(OLS)http://pul/title/90756 850 $aPUL 852 $aPUL$W1$xSL Religione 3$y85$m226 LUSJE 1$j151776$qDDC 21$B150713$CPULBib$Z2$F150713 $H121122 $82 852 $aPUL$W1$xDP1 Fondo S. Lanza$y121$m3 P 44$j168847$qFondi$B169484$CPULBib$Z2$F169484 $HLAN854 $82 941 1 $a1 941 1 $a9 996 $6020$a88-211-6377-6$9(OLS)http://pul/number/151134 996 $6082$a226$9(OLS)http://pul/classification/421 996 $6245$aSiate felici :$bcolloqui sulla felicitą e le beatitudini$9(OLS)http://pul/title/166123 996 $6260$aGenova :$bMarietti 1820$9(OLS)http://pul/publisher/58085 LEADER 01371nam a2200349 a 4500 001 000000149310 003 CaOOAMICUS 005 20160211090026.0 008 160211s2015 it u000 u ita r 020 $a978-88-7607-150-8* 032 $aLibriCat 040 $aPUL$bita 082 04$a340.5 100 1 $aDe Giovanni, Lucio.$0(OLS)http://pul/name/30623 245 10$aDiritto e storia : $bla tarda antichitą /$cLucio De Giovanni. 260 $aNapoli :$bSatura,$c2015. 300 $aXVI, 185 p. ;$c21 cm. 490 1 $aDiritto politica societą ;$v01 650 4$aDiritto antico.$0(OLS)http://pul/subject/17968 650 14$aDiritto romano.$0(OLS)http://pul/subject/382 830 0$aDiritto politica societą ;$v01.$0(OLS)http://pul/title/188244 850 $aPUL 852 $aPUL$W1$xSL Diritto e Scienze Sociali 3$y79$m340. 5 DEGLU 3$j171964$qDDC 21$B173555$CPULBib$Z2$F173555 $H127120 $81 941 1 $a9 960 $aRoman law$9382 960 $aRoman law$9382 961 $aDedica autografa dell?autore 996 $6020$a978-88-7607-150-8*$9(OLS)http://pul/number/159624 996 $6082$a340.5$9(OLS)http://pul/classification/1655 996 $6245$aDiritto e storia : $bla tarda antichitą$9(OLS)http://pul/title/188243 996 $6260$aNapoli :$bSatura$9(OLS)http://pul/publisher/79247